Study of the effect of the processes parameters on porosity of low alloyed sintered steels by image analysis

Bibliographic Details
Main Authors: Blanco, L. (Author), Campos, M. (Author), Torralba, J.M (Author)
Format: Article
Language:Slovak
English
PhysicalDescription:Obr., tab.
ISSN:1335-8987
Subjects:

MARC

LEADER 00000nab a2200000 a 4500
001 vtls010252479
003 SK-MaSNL
005 20260304162233.0
008 250507 2004 xo o e slon
015 |a SNBRB2005/11 
035 |a SVKKK000054797 
035 |a urn:nbn:sk:snk-ab1df7 
035 |a (urnnbn)urn:nbn:sk:snk:ar-0028oi 
035 |a (uuid)7cbd574d-cf38-455a-a279-cf88be75fecc 
038 |a SVKKK 
040 |a SNKBUCL  |b slo  |c SNKBUCL  |e AACR2 
041 0 |a eng  |b eng 
044 |a xo  |c SK 
080 |a 004.932.2  |2 1997 
080 |a 669.15'28'24-194.2  |2 1997 
100 1 |a Blanco, L.  |4 aut  |9 1481148 
245 1 0 |a Study of the effect of the processes parameters on porosity of low alloyed sintered steels by image analysis  |c L. Blanco, M. Campos, J.M. Torralba 
300 |b Obr., tab. 
504 |a Bibliogr. odkazy 
504 |a Res. angl. 
650 0 7 |a obrazová analýza  |2 snkbucl  |9 1047425 
650 0 7 |a nízkolegované ocele  |2 snkbucl  |9 51267 
650 0 7 |a pórovitosť  |2 snkbucl  |9 20280 
650 0 7 |a spekané ocele  |2 snkbucl  |9 993330 
650 0 7 |a spekanie  |2 snkbucl  |9 4986 
655 7 |a štúdie  |2 snkbucl  |9 57033 
700 1 |a Campos, M.  |4 aut  |9 1210948 
700 1 |a Torralba, J.M.  |4 aut  |9 1409674 
773 0 |t Powder metallurgy progress  |g Roč. 4, č. 4 (2004), s. 171-178  |x 1335-8987 
850 |a Slovenská národná knižnica 
852 |a Slovenská národná knižnica 
958 |a article27 
958 |a NB 
958 |a OND 
958 |a EUIPO 
999 |c 2973751  |d 2975681